000 01883cam a2200181 4500500
005 20251228094925.0
041 _afre
042 _adc
100 1 0 _aLe Moing, Monique
_eauthor
245 0 0 _aPepita Dupont, La Vérité sur Jacqueline et Pablo Picasso, Paris, Le Cherche-midi, coll. « Documents », 2007, 285 pages
260 _c2010.
500 _a15
520 _aAppliquée à un événement historique singulier comme l’affaire Dreyfus (1894-1906), la dialectique du secret et de la transparence des sources est particulièrement démonstrative. Pour s’en convaincre, il est nécessaire de se porter vers les traces archivistiques, manuscrites et imprimées qui permettent d’écrire aujourd’hui l’histoire du capitaine Dreyfus, premier protagoniste de l’affaire qui porte son nom, placé au cœur de l’événement et de son histoire.
520 _aThe dialectic of secrecy and transparency is particularly revealing when applied to the sources of such an historic event as the Dreyfus Affair (1894-1906). To understand why, we need to turn to the archives, both manuscript and printed, thanks to which we can now write the history of Captain Dreyfus, the main character at the centre of this historic case.
520 _aQuando aplicada a um acontecimento histórico singular como aconteceu com o caso Dreyfus (1894-1906), a dialéctica entre segredo e transparência das fontes torna-se particularmente elucidativa. Mas para tal, é necessário voltarmo-nos para os vestígios arquivísticos, manuscritos e impressos, que permitem escrever hoje a história do capitão Dreyfus, protagonista de um caso que coloca este nome e a sua história no centro de um singular acontecimento.
786 0 _nSigila | 25 | 1 | 2010-03-01 | p. 185a-187a | 1286-1715
856 4 1 _uhttps://shs.cairn.info/revue-sigila-2010-1-page-185a?lang=fr&redirect-ssocas=7080
999 _c1605051
_d1605051